Statistics for First 20 European Cities With Over 1 M People Alphabetically

Click here to take the quiz!

General Stats

  • This quiz has been taken 33 times
  • The average score is 15 of 20

Answer Stats

PopAnswer% Correct
3.7 MillionBerlin
97%
1.6 MillionBarcelona
91%
3.2 MillionMadrid
91%
12.9 MillionMoscow
91%
1.2 MillionBrussels
88%
9.1 MillionLondon
85%
1.8 MillionBucharest
82%
2.9 MillionKiev
82%
1.4 MillionMunich
82%
15 MillionIstanbul
79%
1.4 MillionMilan
79%
1.7 MillionBudapest
76%
1.2 MillionBirmingham
73%
1.9 MillionHamburg
73%
1.9 MillionMinsk
67%
1.3 MillionBelgrade
64%
1 MillionCologne
61%
1.4 MillionKharkiv
55%
1.2 MillionKazan
30%
1.2 MillionNizhny Novgorod
30%

Score Distribution

Percentile by Number Answered

Percent of People with Each Score

Your Score History

You have not taken this quiz